Janes simulation and training system 1997-98 (Record no. 579890)

000 -LEADER
fixed length control field 00678nam a22001817a 4500
003 - CONTROL NUMBER IDENTIFIER
control field CEME
005 - DATE AND TIME OF LATEST TRANSACTION
control field 20210628205205.0
008 - FIXED-LENGTH DATA ELEMENTS--GENERAL INFORMATION
fixed length control field 210211b xxu||||| |||| 00| 0 eng d
020 ## - INTERNATIONAL STANDARD BOOK NUMBER
International Standard Book Number 0-7106-1559-0
040 ## - CATALOGING SOURCE
Transcribing agency .
082 ## - DEWEY DECIMAL CLASSIFICATION NUMBER
Classification number 355-STS JAN'S
100 ## - MAIN ENTRY--PERSONAL NAME
Personal name Strachan, Ian W
9 (RLIN) 63539
245 ## - TITLE STATEMENT
Title Janes simulation and training system 1997-98
250 ## - EDITION STATEMENT
Edition statement 10TH
260 ## - PUBLICATION, DISTRIBUTION, ETC.
Place of publication, distribution, etc. UK
Name of publisher, distributor, etc. JANE'S INFORMATION GROUP
Date of publication, distribution, etc. 1997
650 ## - SUBJECT ADDED ENTRY--TOPICAL TERM
Topical term or geographic name entry element IMAGE DISPLAY SYSTEM IMAGE GENERATION SYSTEM MOTION CURING SYSTEM SIMULATION AND TRAINING SYSTEM FOR LAND-BASED EQUIPMENT SIMULATION FOR SHIP AND SEA SYSTEM EQUIPMENT AVIATION SYSTEM MULTIROLE SIMULATORS AND TRAINING DEVICES
9 (RLIN) 74351
942 ## - ADDED ENTRY ELEMENTS (KOHA)
Koha item type Book
Source of classification or shelving scheme
Holdings
Withdrawn status Lost status Damaged status Not for loan Permanent Location Current Location Shelving location Date acquired Total Checkouts Full call number Barcode Date last seen Price effective from Koha item type
        College of Electrical & Mechanical Engineering (CEME) College of Electrical & Mechanical Engineering (CEME) Reference 05/04/2017   355-STS JAN'S CEME-31110 06/28/2021 06/28/2021 Book
© 2023 Central Library, National University of Sciences and Technology. All Rights Reserved.